Guia metodològica : apropar els joves inactius al mercat laboral apropar els joves inactius al mercat laboral
ISBN:
84-9803-024-2
Descripción Física:
108 p. ; 30 cm
MARC
| LEADER | 00000nam a2200000Ia 4500 | ||
|---|---|---|---|
| 001 | 17066 | ||
| 008 | 160829s2004 xx 000 0 cat d | ||
| 020 | |a 84-9803-024-2 | ||
| 080 | |a M-5-128 | ||
| 245 | |a Guia metodològica : |b apropar els joves inactius al mercat laboral | ||
| 260 | |a [Barcelona] : |b Diputació de Barcelona, Xarxa de Municipis, |c 2004 | ||
| 300 | |a 108 p. ; |c 30 cm | ||
| 590 | |a A la part inferior de la portada: Elionor ; EQual | ||
| 590 | |a Bibliografia | ||
| 650 | |a Joves |x Treball |x Barcelona (Província) |9 49415 | ||
| 650 | 0 | |a Ocupació, Cerca d' |z Barcelona (Catalunya : Província) |9 49416 | |
| 650 | 0 | |a Orientació professional |x Barcelona (Catalunya : Província) |9 27396 | |
| 710 | 1 | |a Barcelona (Catalunya : Província). |b Àrea de Promoció Econòmica i Ocupació |9 17540 | |
| 710 | 2 | |a Elionor (Programa) |9 53919 | |
| 710 | 2 | |a EQual (Programa) |9 55231 | |
| 901 | |a Arxiu | ||
| 942 | |n 1 | ||
| 952 | |0 0 |1 0 |4 0 |6 M5128 |7 1 |9 44374 |a Arxiu |b Arxiu |d 2016-12-01 |l 0 |o M-5-128 |p 17066 |r 2016-12-01 00:00:00 |w 2016-12-01 |y ARXIU | ||
| 999 | |c 46955 |d 46955 | ||